Les Principaux Rôles de Harrison Ford au Cinéma - Statistiques

Statistiques générales
  • Ce quiz a été pris 45 fois
  • Le résultat moyen est 6 sur 20
Statistiques - réponses
Hint Réponse % Correct
Han Solo Star Wars
90%
Indiana Jones Indiana Jones
85%
Le Président James Marshall Air Force One
73%
Richard Kimble Le Fugitif
63%
Colonel Lucas Apocalypse Now
40%
Rick Deckard Blade Runner
38%
Jack Ryan Jeux de Guerre
33%
Rusty Sabich Présumé Innocent
23%
Tom O'Meara Ennemis Rapprochés
18%
Norman Spencer Apparences
13%
Le Colonel Woodrow Dolarhyde Cowboys et Envahisseurs
13%
Max Drummer Expendables 3
13%
Le Colonel Hyrum Graff La Stratégie Ender
13%
Quinn Harris Six jours, Sept nuits
13%
John Book Witness
13%
Richard Walker Frantic
10%
Jack Trainer Working Girl
10%
Bob Falfa American Graffiti
8%
William Van Den Broeck l'Ombre d'un Soupçon
8%
Allie Fox Mosquito Coast
5%
Aucun quiz correspondant
Distribution des résultats
% des personnes avec chaque résultat
Percentile par nombre de réponses
Votre historique - résultats
Vous n’avez pas pris ce quiz